Micelles (Record no. 1121)

000 -LEADER
fixed length control field 00515nam a2200205 a 4500
001 - CONTROL NUMBER
control field 1121
003 - CONTROL NUMBER IDENTIFIER
control field BD-DhUET
008 - FIXED-LENGTH DATA ELEMENTS--GENERAL INFORMATION
fixed length control field 911230s1992 nyua b 001 0 eng
020 ## - INTERNATIONAL STANDARD BOOK NUMBER
International Standard Book Number 0306439964
040 ## - CATALOGING SOURCE
Original cataloging agency DLC
Transcribing agency DLC
Modifying agency BD-DhUET
082 ## - DEWEY DECIMAL CLASSIFICATION NUMBER
Classification number 541.345
Item number MOR/1992
100 ## - MAIN ENTRY--PERSONAL NAME
Personal name Moroi, Yoshikiyo
245 10 - TITLE STATEMENT
Title Micelles
Remainder of title theoretical and applied aspects
250 ## - EDITION STATEMENT
Edition statement 1st ed.
260 ## - PUBLICATION, DISTRIBUTION, ETC. (IMPRINT)
Place of publication, distribution, etc. New York
Name of publisher, distributor, etc. Plenum Press
Date of publication, distribution, etc. 1992
300 ## - PHYSICAL DESCRIPTION
Extent ix, 256 p.
504 ## - BIBLIOGRAPHY, ETC. NOTE
Bibliography, etc Include bibliographies
650 #0 - SUBJECT ADDED ENTRY--TOPICAL TERM
Topical term or geographic name as entry element Colloids
942 ## - ADDED ENTRY ELEMENTS (KOHA)
Koha item type General Book
Holdings
Sublocation or collection (holding branch) Source of classification or shelving scheme Piece designation (barcode) Koha normalized classification for sorting Shelving location Koha full call number Koha date last seen Location (home branch) Copy number Withdrawn status Not for loan Date acquired Lost status Koha item type Price effective from Damaged status
Central Library, BUET 104926541_345000000000000_MOR1992Circulation section541.345/ MOR/19922016-11-01Central Library, BUET1  2014-08-31 General Book2014-08-31 
Central Library, BUET 104925541_345000000000000_MOR_1992Circulation section541.345/MOR/19922017-03-13Central Library, BUET1  2008-05-10 General Book2017-03-13